Mode of Information (The). Poststructuralism and Social Context (Record n. 89476)

Dettagli MARC
000 -LEADER
fixed length control field 01690nam a2200289Ia 4500
001 - CONTROL NUMBER
control field D4962
003 - CONTROL NUMBER IDENTIFIER
control field IT-RoPAU
008 - FIXED-LENGTH DATA ELEMENTS--GENERAL INFORMATION
fixed length control field 130308s9999 xx 000 0 und d
040 ## - CATALOGING SOURCE
Original cataloging agency IT-RoPAU
040 ## - CATALOGING SOURCE
Transcribing agency IT-RoPAU
041 ## - LANGUAGE CODE
Language code of text/sound track or separate title INGLESE
100 ## - MAIN ENTRY--PERSONAL NAME
Personal name Poster Mark
100 ## - MAIN ENTRY--PERSONAL NAME
Miscellaneous information Codice Aut. SPICS: 45055
245 ## - TITLE STATEMENT
Title Mode of Information (The). Poststructuralism and Social Context
245 ## - TITLE STATEMENT
Remainder of title Mode Of Information (The). Poststructuralism And Social Context
250 ## - EDITION STATEMENT
Edition statement 2a ed.
260 ## - PUBLICATION, DISTRIBUTION, ETC. (IMPRINT)
Place of publication, distribution, etc. CAMBRIDGE
260 ## - PUBLICATION, DISTRIBUTION, ETC. (IMPRINT)
Name of publisher, distributor, etc. Polity Press
260 ## - PUBLICATION, DISTRIBUTION, ETC. (IMPRINT)
Date of publication, distribution, etc. 1992 [1° Ed.:1990 - Ed.Ling.Originale:1990]
300 ## - PHYSICAL DESCRIPTION
Extent "188 p. (prefazione: 8; testo: 180)"
500 ## - GENERAL NOTE
General note Modo D'Informare. Poststrutturalismo e Contesto Sociale. Parole senza Cose. Concetto di Società Postindustriale: Problema di Retorica, repressione di Linguaggio, Limiti di Anticipazione in Marx e Weber. Linguaggio dell'Economia: Baudrillard e Pubblicità Televisiva, Media e Modo D'Informare, Pubblicità tv Come Evento Sociale, Pubblicità Come Ideologia, Sistema del Segno, Società Come un Linguaggio e Come simulazione o Iperreale. Faucault e basi di Dati: sorveglianza Partecipatoria, Pubblicità televisiva e basi di Dati, Orale scritto ed Elettronico. Derrida e la Scrittura Elettronica: Soggetto del Computer, testo Contesto e Testualità Elettronica, Comunità Elettroniche. Lyotard e Scienza del Computer: Possibilità della Politica Postmoderna, Computer Scienza e Mondo del Lavoro, Politica di Poststrutturalismo, Desiderio Postmoderno, Lyotard nel Postmodernismo.
650 ## - SUBJECT ADDED ENTRY--TOPICAL TERM
Topical term or geographic name as entry element SOCIOLOGIA DELLA COMUNICAZIONE SOCIALE
650 ## - SUBJECT ADDED ENTRY--TOPICAL TERM
Relator term Codice materia Spics: 3806
942 ## - ADDED ENTRY ELEMENTS (KOHA)
Koha item type LIBRO
957 ## -
-- 1
999 ## - SYSTEM CONTROL NUMBERS (KOHA)
-- 1
Dati di copia
Withdrawn status Lost status Damaged status Not for loan Home library Current library Date acquired Total Checkouts Full call number Date last seen Price effective from Koha item type Public note
    Buone Condizioni Not For Loan SPICS-MEDIATECA SPICS-MEDIATECA 08/03/2013   D4962 08/03/2013 08/03/2013 LIBRO Progressivo inserimento: 14490 / N. Volumi: 1 Copie: 1 / data import: 1 marzo 2013 - By Epidotti, Trombetti, Vaglietti.
CREDITS: SOCIETA' SAN PAOLO Via A.Severo, 58 - ROMA (RM) & PERIODICI SAN PAOLO SRL Via Giotto, 36 MILANO & CISF Via Giotto, 36 MILANO & EDIZIONI SAN PAOLO SRL,  Piazza Soncino, 5 CINISELLO BALSAMO (MI) -- ITALY